Super-frog saves Tokyo /
Katagiri found a giant frog waiting for him in his apartment. It was powerfully built, standing over six feet tall on its hind legs. A skinny little man no more than five foot three, Katagiri was overwhelmed by the frog's imposing bulk. 'Call me 'Frog,'' said the frog in a c...
| Hovedforfatter: | |
|---|---|
| Andre forfattere: | |
| Format: | Bog |
| Sprog: | English Japanese |
| Udgivet: |
London ; India :
Harvill ; Replika press,
2025.
|
| Fag: | |
| Classic Catalogue: | View this record in Classic Catalogue |
| LEADER | 02138nam a22003257a 4500 | ||
|---|---|---|---|
| 001 | 45307 | ||
| 003 | BD-DhAAL | ||
| 005 | 20260202105653.0 | ||
| 008 | 260201t20002025enk||||| |||| 00| 0 eng d | ||
| 020 | |a 9781787304710 | ||
| 040 | |a BD-DhAAL |d BD-DhAAL | ||
| 041 | |a eng |a jpn | ||
| 082 | |a 741.5944 |2 23 | ||
| 100 | 1 | |a Murakami, Haruki | |
| 245 | 1 | 0 | |a Super-frog saves Tokyo / |c Haruki Murakami; Translated by Jay Rubin. |
| 260 | |a London ; |a India : |b Harvill ; |b Replika press, |c 2025. | ||
| 300 | |a 80 pages : |b illustrations (colour) ; |c 21 cm | ||
| 520 | |a Katagiri found a giant frog waiting for him in his apartment. It was powerfully built, standing over six feet tall on its hind legs. A skinny little man no more than five foot three, Katagiri was overwhelmed by the frog's imposing bulk. 'Call me 'Frog,'' said the frog in a clear, strong voice. Katagiri stood rooted in the doorway, unable to speak. 'Don't be afraid. I'm not here to hurt you. Just come and close the door. Please.' Briefcase in his right hand, grocery bag with fresh vegetables and canned salmon cradled in his left arm, Katagiri didn't dare move. 'Please, Mr. Katagiri, hurry and close the door, and take off your shoes.' | ||
| 541 | 8 | |a Donated by Farhana Zahir, Assistant Professor, BRAC Business School, BRAC University |e 45307 | |
| 650 | |a Frogs |v Fiction. |9 60214 | ||
| 650 | |a Short stories, Japanese |v Translations into English. |9 60215 | ||
| 650 | |a Disasters |z Japan |z Tokyo |v Fiction. |9 60216 | ||
| 651 | |a Japan |x Social life and customs |y 20th century |v Comic books, strips, etc. |9 60220 | ||
| 651 | |a Tokyo (Japan) |v Fiction. |9 6187 | ||
| 655 | 7 | |a Graphic novel adaptations. |9 60218 | |
| 655 | 7 | |a Comics (Graphic works). |9 60219 | |
| 700 | 1 | |a Rubin, Jay. |e (Translator). |9 7340 | |
| 942 | |2 ddc |c BK | ||
| 999 | |c 47729 |d 47729 | ||
| 952 | |0 0 |1 0 |2 ddc |4 0 |6 741_594400000000000_HAR |7 0 |9 78797 |a BRACUL |b BRACUL |c NEW |d 2026-02-02 |e Donated by Farhana Zahir, Assistant Professor, BRAC Business School, BRAC University |l 3 |m 4 |o 741.5944 HAR |p 3010045307 |q 2026-06-02 |r 2026-05-10 |s 2026-05-10 |t 1 |w 2026-02-02 |y BK |x Donated by Farhana Zahir, Assistant Professor, BBS, BRAC University.₹899.00 | ||